000 00850nas a2200265 4500
001 BR0804923
003 BR-BrBNA
005 20231205112357.0
007 ta
008 230509b bl.|||p| |||| 00| 00por d
040 _aBR-BrBNA
_bpor
_cBiblioteca Nacional de Agricultura
041 _a(Pt)
072 _aL40
100 1 _aOrsi, A.M.
100 1 _aSimões, K.
100 1 _aDomeniconi, R.F.
100 1 _aMatheus, S.M.M.
245 1 _aEstrutura microscópica do complexo tubular: rede testicular e ductos excretores proximais do testículo em codorna doméstica (Coturnix coturnix)
650 _aCODORNA
650 _aTESTICULO
650 _aANATOMIA ANIMAL
773 0 _tVeterinaria Noticias (Brazil)
_xISSN 0104-3463
_g(Jan-Jun 2007), v. 13(1) p. 17-29
_wBR0804923
909 _a202311
_bLúcia
_c55
_dLúcia Elande
942 _2AGRIS
_n0
_cANA
999 _c197724
_d197724